000 01130nam a22003257a 4500
003 CHAP
005 20220329133849.0
008 971013s1980 r 00010 d
010 _a11949
011 _a12921
035 _a16686
040 _cCHAP
090 _aTesis
100 0 0 _aFernández Olivares, Francisco Javier.
_940254
245 1 0 _aIntoxicación en el ganado caprino por ingestión de plantas venenosas existentes en México
_c/por Francisco Javier Fernández Olivares
260 _aMéxico, D.F. :
_bEl autor,
_c1980
300 _a84 h. :
500 _a73-194
502 _aTesis (Médico Veterinario Zootecnista) -- UNAM. Facultad de Medicina Veterinaria y Zootecnia
590 _aALEPH
_b10
_c20130110
_lUCH01
_h1230
590 _aBATCH-UPD
_b10
_c20130110
_lUCH01
_h1549
590 _aBATCH-UPD
_b10
_c20130410
_lUCH01
_h0948
590 _aBATCH-UPD
_b10
_c20130914
_lUCH01
_h1506
590 _aCONVERSION
_b10
_c20130109
_lUCH01
_h1308
650 1 4 _aGanado cabrío.
_944988
650 1 4 _aPlantas venenosas para el ganado.
_989093
901 _aBK
942 _cTESIS
949 _bBC
_cTES
_d-149351
_eTS1
_i16686
_si
999 _c11949
_d11949